[Event "Collado Villalba op-A 34th"]
[Site "Collado Villalba"]
[Date "2017.08.24"]
[Round "3"]
[White "Sanchez Rodenas, Jose Antonio"]
[Black "Mkrtchyan, Levon"]
[Result "0-1"]
[WhiteElo "1627"]
[BlackElo "1964"]
[PlyCount "70"]
[EventDate "2017.08.22"]
[EventType "swiss"]
[EventRounds "9"]
[EventCountry "ESP"]
[SourceTitle "CBM 180 Extra"]
[Source "ChessBase"]
[SourceDate "2017.10.06"]
[SourceVersion "1"]
[SourceVersionDate "2017.10.06"]
[SourceQuality "1"]

1. d4 Nf6 2. Bg5 Ne4 3. h4 c5 4. dxc5 h6 5. Bf4 e6 6. Nc3 Nxc3 7. bxc3 Bxc5 8. e3 Nc6 9. Bd3 d5 10. Nf3 Qf6 11. Qd2 e5 12. Nxe5 Nxe5 13. Bb5+ Nc6 14. 0-0 Be6 15. Bxc6+ bxc6 16. Rfb1 0-0 17. Bg3 Qe7 18. Qd3 Bd6 19. Qa6 Bxg3 20. fxg3 Qc5 21. Qd3 Rab8 22. Qd4 Qxd4 23. cxd4 Bf5 24. Rxb8 Rxb8 25. c3 Rb1+ 26. Rxb1 Bxb1 27. a3 Kf8 28. g4 Ke7 29. Kf2 Kf6 30. Kg3 Be4 31. Kf2 g5 32. g3 Bc2 33. Ke2 Kg6 34. Kd2 Be4 35. Ke2 f5 0-1